000 00518nam a2200181Ia 4500
008 090123s9999 xx 000 0 und d
082 _b26613
_a891.46पाटील
100 _aपाटील मदन
245 _a50 सेकंदस्
250 _a1
260 _bअमोल प्रकाशन
_c1997
300 _a168
600 _aपाटील मदन
630 _a50 सेकंदस्
700 _aपाटील मदन
730 _a50 सेकंदस्
942 _cBOOK
999 _c64682
_d64682